000
00182 a2200097 4500
020
_a
9780545101400
041
_a
spa
100
_a
Cynthia Weill
245
_a
Abecedarios
942
_c
BK
999
_c
14963
_d
14963